[Event "HUN-chT2 Barcza 1819"]
[Site "Hungary"]
[Date "2018.10.07"]
[Round "2.7"]
[White "Bodnar, Mate"]
[Black "Kristof, Peter"]
[Result "0-1"]
[WhiteElo "1835"]
[BlackElo "2146"]
[PlyCount "72"]
[EventDate "2018.09.23"]
[EventType "team-tourn"]
[EventRounds "11"]
[EventCountry "HUN"]
[SourceTitle "CBM 189 Extra"]
[Source "ChessBase"]
[SourceDate "2019.06.03"]
[SourceVersion "1"]
[SourceVersionDate "2019.06.03"]
[SourceQuality "1"]
[WhiteTeam "Debrecen Sakkbaratok"]
[BlackTeam "Edeleny"]
[WhiteTeamCountry "HUN"]
[BlackTeamCountry "HUN"]

1. e4 e6 2. f4 d5 3. e5 c5 4. c3 Nc6 5. Nf3 Qb6 6. d3 Nge7 7. Na3 Nf5 8. g4 Nh6 9. h3 Bd7 10. c4 d4 11. Bg2 0-0-0 12. 0-0 a6 13. Nc2 f6 14. b4 cxb4 15. Nd2 fxe5 16. fxe5 Nxe5 17. Ne4 Ba4 18. Bf4 Nxc4 19. dxc4 d3+ 20. Be3 dxc2 21. Qe2 Qc7 22. Ng5 Qe5 23. Nf7 Nxf7 24. Bxb7+ Kxb7 25. Rxf7+ Kc8 26. Qf3 Qxa1+ 27. Kg2 Rd5 28. Rxf8+ Rxf8 29. Qxf8+ Rd8 30. Qc5+ Kd7 31. Bg5 Bc6+ 32. Kf2 Re8 33. Qa7+ Kd6 34. Bf4+ e5 35. Qxg7 Qd4+ 36. Be3 Qxe3+ 0-1

[Event "HUN-chT2 Barcza 1718"]
[Site "Hungary"]
[Date "2018.05.06"]
[Round "11.8"]
[White "Kristof, Peter"]
[Black "Varga, Marcell1111"]
[Result "1-0"]
[WhiteElo "2151"]
[BlackElo "2003"]
[PlyCount "39"]
[EventDate "2017.09.24"]
[EventType "team-tourn"]
[EventRounds "11"]
[EventCountry "HUN"]
[SourceTitle "EXT 2021"]
[Source "ChessBase"]
[SourceDate "2020.10.23"]
[SourceVersion "1"]
[SourceVersionDate "2020.10.23"]
[SourceQuality "1"]
[WhiteTeam "Edeleny"]
[BlackTeam "Nyiregyhaza SISE"]
[WhiteTeamCountry "HUN"]
[BlackTeamCountry "HUN"]

1. e4 e5 2. Nf3 Nc6 3. Nc3 Bc5 4. Nxe5 Nxe5 5. d4 Bd6 6. dxe5 Bxe5 7. f4 Bf6 8. e5 Be7 9. Qg4 g6 10. Bd3 d6 11. Qf3 Nh6 12. Be3 c6 13. exd6 Bxd6 14. h3 Nf5 15. 0-0-0 Qc7 16. Bxf5 Bxf5 17. g4 Bd7 18. Qe4+ Kf8 19. Qd4 Rg8 20. Qxd6+ 1-0

[Event "HUN-chT2 Barcza 1718"]
[Site "Hungary"]
[Date "2017.11.26"]
[Round "4.7"]
[White "Kincses, Laszlo"]
[Black "Kristof, Peter"]
[Result "0-1"]
[WhiteElo "1512"]
[BlackElo "2151"]
[PlyCount "108"]
[EventDate "2017.09.24"]
[EventType "team-tourn"]
[EventRounds "11"]
[EventCountry "HUN"]
[SourceTitle "EXT 2021"]
[Source "ChessBase"]
[SourceDate "2020.10.23"]
[SourceVersion "1"]
[SourceVersionDate "2020.10.23"]
[SourceQuality "1"]
[WhiteTeam "Kazincbarcika"]
[BlackTeam "Edeleny"]
[WhiteTeamCountry "HUN"]
[BlackTeamCountry "HUN"]

1. d4 e6 2. c4 d5 3. e3 Nf6 4. a3 Be7 5. Nc3 0-0 6. Nf3 Nbd7 7. Be2 b6 8. b4 Ne4 9. Bb2 Bb7 10. 0-0 Ndf6 11. c5 Nxc3 12. Bxc3 Ne4 13. Be1 Bf6 14. Rc1 c6 15. Nd2 Nxd2 16. Qxd2 e5 17. f3 Re8 18. Bf2 Bh4 19. b5 exd4 20. Qxd4 Bf6 21. Qd2 Qd7 22. a4 bxc5 23. Rxc5 Be7 24. bxc6 Bxc6 25. Rxc6 Qxc6 26. Bb5 Qe6 27. Bxe8 Rxe8 28. Rd1 h6 29. h3 Rd8 30. Qa5 Rd7 31. Qb5 a6 32. Qb3 Qc6 33. Rb1 Qc4 34. g3 Rc7 35. Kg2 Qxb3 36. Rxb3 Rc4 37. Rd3 Rxa4 38. Rxd5 Ra2 39. f4 Bb4 40. Kf3 a5 41. Rb5 Rb2 42. Be1 Rb1 43. Bxb4 axb4 44. h4 b3 45. e4 b2 46. Rb8+ Kh7 47. Kf2 Rh1 48. e5 b1Q 49. Rxb1 Rxb1 50. g4 h5 51. f5 hxg4 52. Kg3 Re1 53. e6 fxe6 54. fxe6 Rxe6 0-1

[Event "HUN-chT2 Barcza 1617"]
[Site "Hungary"]
[Date "2016.10.09"]
[Round "2.3"]
[White "Kristof, Peter"]
[Black "Kanyadi, Zoltan"]
[Result "1/2-1/2"]
[WhiteElo "2152"]
[BlackElo "2085"]
[PlyCount "28"]
[EventDate "2016.09.25"]
[EventType "team-tourn"]
[EventRounds "11"]
[EventCountry "HUN"]
[SourceTitle "EXT 2021"]
[Source "ChessBase"]
[SourceDate "2020.10.23"]
[SourceVersion "1"]
[SourceVersionDate "2020.10.23"]
[SourceQuality "1"]
[WhiteTeam "Edeleny"]
[BlackTeam "Debrecen Sakkbaratok"]
[WhiteTeamCountry "HUN"]
[BlackTeamCountry "HUN"]

1. e4 c5 2. b3 Nc6 3. Bb2 e5 4. Bc4 Be7 5. Nc3 Nf6 6. d3 d6 7. Nd5 0-0 8. Ne2 Nxd5 9. Bxd5 Be6 10. 0-0 Bf6 11. Qd2 Bg5 12. Qd1 Bxd5 13. exd5 Ne7 14. c4 Ng6 1/2-1/2

[Event "Level op-A 3rd"]
[Site "Level"]
[Date "2015.03.27"]
[Round "1"]
[White "Nagy, Tibor3333"]
[Black "Kristof, Peter"]
[Result "0-1"]
[WhiteElo "1795"]
[BlackElo "2178"]
[PlyCount "76"]
[EventDate "2015.03.27"]
[EventType "swiss"]
[EventRounds "7"]
[EventCountry "HUN"]
[SourceTitle "EXT 2020"]
[Source "ChessBase"]
[SourceDate "2019.10.17"]
[SourceVersion "1"]
[SourceVersionDate "2019.10.17"]
[SourceQuality "1"]

1. e4 e6 2. Nf3 d5 3. exd5 exd5 4. d4 Bg4 5. c4 Bb4+ 6. Nc3 Nf6 7. Bg5 0-0 8. Be2 Bxf3 9. Bxf3 Re8+ 10. Be3 c6 11. 0-0 dxc4 12. Bg5 h6 13. Bh4 Nbd7 14. d5 Bxc3 15. bxc3 Ne5 16. dxc6 Qxd1 17. Bxd1 Nxc6 18. Rb1 Ne4 19. Rxb7 Nd2 20. Ba4 Nxf1 21. Bxc6 Re1 22. f3 Rd1 23. Kf2 g5 24. Bg3 Rad8 25. Rb2 Nxg3 26. Kxg3 R1d2 27. Rb4 Rxa2 28. Rxc4 Rc8 29. h4 Ra6 30. Bb5 Rxc4 31. Bxa6 Rxc3 32. hxg5 hxg5 33. Kg4 f6 34. Kf5 Kf7 35. Bb7 a5 36. g3 a4 37. Ke4 a3 38. g4 Ke7 0-1

[Event "HUN-chT2 Barcza 1415"]
[Site "Hungary"]
[Date "2015.03.01"]
[Round "?"]
[White "Kristof, Peter"]
[Black "Hardicsay, Peter"]
[Result "0-1"]
[WhiteElo "2173"]
[BlackElo "2253"]
[PlyCount "70"]
[EventDate "2014.09.07"]
[EventType "team-tourn"]
[EventRounds "11"]
[EventCountry "HUN"]
[SourceTitle "EXT 2016"]
[Source "ChessBase"]
[SourceDate "2015.10.08"]
[SourceVersion "1"]
[SourceVersionDate "2015.10.08"]
[SourceQuality "1"]
[WhiteTeam "Edeleny"]
[BlackTeam "Miskolc Sakkiskola"]
[WhiteTeamCountry "HUN"]
[BlackTeamCountry "HUN"]

1. e4 c5 2. b3 Nc6 3. Bb2 e5 4. Bc4 Nf6 5. Nc3 Nxe4 6. Bxf7+ Kxf7 7. Nxe4 d5 8. Qf3+ Kg8 9. Ng5 Qd7 10. Ne2 h6 11. Nh3 Qg4 12. Qxg4 Bxg4 13. f3 Bf5 14. d3 Be7 15. 0-0-0 Rf8 16. g4 Be6 17. Nhg1 h5 18. gxh5 Rxh5 19. Ng3 Rh4 20. Re1 Bd6 21. Nf1 Kf7 22. Ne3 Rfh8 23. Re2 R8h7 24. Rf2 Ke7 25. Ne2 Kd7 26. Rg1 Rxh2 27. Rxg7+ Rxg7 28. Rxh2 Nd4 29. Rf2 Rf7 30. Nxd4 exd4 31. Ng2 Bg3 32. Re2 Rxf3 33. Kd2 Bg4 34. Ne1 Bf4+ 35. Kd1 Rf2 0-1

[Event "HUN-chT2 Barcza 1415"]
[Site "Hungary"]
[Date "2014.11.30"]
[Round "?"]
[White "Kristof, Peter"]
[Black "Lengyel, Ferenc"]
[Result "0-1"]
[WhiteElo "2173"]
[BlackElo "2169"]
[PlyCount "60"]
[EventDate "2014.09.07"]
[EventType "team-tourn"]
[EventRounds "11"]
[EventCountry "HUN"]
[SourceTitle "EXT 2016"]
[Source "ChessBase"]
[SourceDate "2015.10.08"]
[SourceVersion "1"]
[SourceVersionDate "2015.10.08"]
[SourceQuality "1"]
[WhiteTeam "Edeleny"]
[BlackTeam "Debrecen Sakkiskola"]
[WhiteTeamCountry "HUN"]
[BlackTeamCountry "HUN"]

1. e4 c6 2. d4 d5 3. Nc3 dxe4 4. Nxe4 Bf5 5. Ng3 Bg6 6. Bc4 e6 7. N1e2 Bd6 8. 0-0 Qc7 9. Bd3 Nf6 10. c3 Nbd7 11. Be3 a6 12. Qd2 Nd5 13. h3 N7f6 14. c4 Nxe3 15. Qxe3 c5 16. Rad1 cxd4 17. Qxd4 Be5 18. Qe3 Bxb2 19. Bxg6 hxg6 20. Qb3 Be5 21. Rb1 Rb8 22. Qa4+ Qc6 23. Qxc6+ bxc6 24. Rxb8+ Bxb8 25. Rb1 Bc7 26. Rb7 Kd7 27. Nc3 Rh4 28. Na4 Kc8 29. Ra7 Rxc4 30. Rxa6 Kb7 0-1

[Event "HUN-chT2 Barcza 1011"]
[Site "Hungary"]
[Date "2011.05.15"]
[Round "11.9"]
[White "Timar, Jozsef"]
[Black "Kristof, Peter"]
[Result "1/2-1/2"]
[WhiteElo "1893"]
[BlackElo "2145"]
[PlyCount "125"]
[EventDate "2010.09.12"]
[EventType "team-tourn"]
[EventRounds "11"]
[EventCountry "HUN"]
[SourceTitle "EXT 2012"]
[Source "ChessBase"]
[SourceDate "2011.11.24"]
[SourceVersion "1"]
[SourceVersionDate "2011.11.24"]
[SourceQuality "1"]
[WhiteTeam "Debrecen Betu"]
[BlackTeam "Edeleny"]
[WhiteTeamCountry "HUN"]
[BlackTeamCountry "HUN"]

1. e4 e6 2. Nf3 d5 3. exd5 exd5 4. d4 Bg4 5. h3 Bh5 6. Bd3 Nc6 7. Be3 Nf6 8. Nbd2 Bd6 9. c3 Qe7 10. Qc2 0-0-0 11. 0-0-0 Bg6 12. Rde1 Qd7 13. Bg5 Rde8 14. Bxf6 gxf6 15. Nh4 Rxe1+ 16. Rxe1 Re8 17. Rxe8+ Qxe8 18. Ndf3 Na5 19. Nf5 Bf4+ 20. Kd1 Nc4 21. g3 Bh5 22. g4 Bg6 23. b3 Nd6 24. Nxd6+ Bxd6 25. Nh4 Be4 26. Qe2 Kd7 27. f3 Bg6 28. Qxe8+ Kxe8 29. Nf5 Bxf5 30. Bxf5 h6 31. Bc8 b6 32. Bb7 Ke7 33. Bxd5 a5 34. Kc2 c5 35. Kd3 cxd4 36. cxd4 f5 37. gxf5 f6 38. Kc4 Bc7 39. Be6 Kd6 40. Kd3 Kc6 41. Ke4 Bd6 42. Bf7 Bc7 43. Be8+ Kd6 44. a3 Ke7 45. Bb5 Kd6 46. h4 Bb8 47. Bc4 Kc6 48. Be6 Bg3 49. d5+ Kc5 50. f4 Bxh4 51. Kf3 Be1 52. Ke2 Bc3 53. Bf7 Bb2 54. b4+ axb4 55. axb4+ Kd6 56. Kf3 Bc3 57. b5 Kc5 58. Be8 Kxd5 59. Bc6+ Kd4 60. Kg4 Bd2 61. Bd7 Ke4 62. Bc6+ Kd4 63. Bd7 1/2-1/2

[Event "HUN-chT2 Barcza 0809"]
[Site "Hungary"]
[Date "2008.11.02"]
[Round "2.3"]
[White "Kristof, Peter"]
[Black "Hajbok, Robert"]
[Result "1-0"]
[WhiteElo "2140"]
[BlackElo "2217"]
[PlyCount "77"]
[EventDate "2008.10.26"]
[EventType "team-tourn"]
[EventRounds "11"]
[EventCountry "HUN"]
[SourceTitle "EXT 2010"]
[Source "ChessBase"]
[SourceDate "2010.11.25"]
[SourceVersion "1"]
[SourceVersionDate "2010.11.25"]
[SourceQuality "1"]
[WhiteTeam "Edeleny"]
[BlackTeam "Nyiregyhaza"]
[WhiteTeamCountry "HUN"]
[BlackTeamCountry "HUN"]

1. e4 c5 2. b3 b6 3. Bb2 Bb7 4. Nc3 d6 5. Bb5+ Nd7 6. d4 cxd4 7. Qxd4 Ngf6 8. 0-0-0 e5 9. Qe3 Be7 10. Kb1 0-0 11. Bxd7 Qxd7 12. f3 b5 13. g4 b4 14. Nce2 Qe6 15. Ng3 d5 16. Nf5 dxe4 17. Qg5 g6 18. Bxe5 Rfd8 19. Nh3 Nd5 20. Nxe7+ Qxe7 21. Qxe7 Nxe7 22. fxe4 Rxd1+ 23. Rxd1 Bxe4 24. Rd7 Nc6 25. Bf6 Rc8 26. Ng5 Bxc2+ 27. Kb2 Nb8 28. Rxf7 Rc6 29. Rg7+ Kf8 30. Nxh7+ Ke8 31. Rg8+ Kf7 32. Rxb8 Bd3 33. Rxb4 Rc2+ 34. Ka3 Rxh2 35. Rb7+ Ke6 36. Bb2 Rg2 37. Nf8+ Kd5 38. Rd7+ Ke4 39. Nxg6 1-0

[Event "HUN-chT2 Barcza 0708"]
[Site "Hungary"]
[Date "2008.04.27"]
[Round "10"]
[White "Kristof, Peter"]
[Black "Hajdu, Zoltan"]
[Result "1/2-1/2"]
[WhiteElo "2181"]
[BlackElo "1973"]
[PlyCount "107"]
[EventDate "2007.10.14"]
[EventType "team"]
[EventRounds "11"]
[EventCountry "HUN"]
[SourceTitle "EXT 2009"]
[Source "ChessBase"]
[SourceDate "2008.11.26"]
[SourceVersion "1"]
[SourceVersionDate "2008.11.26"]
[SourceQuality "1"]
[WhiteTeam "Edeleny"]
[BlackTeam "Miskolc II"]
[WhiteTeamCountry "HUN"]
[BlackTeamCountry "HUN"]

1. e4 c5 2. b3 Nc6 3. Bb2 d6 4. Bb5 a6 5. Bxc6+ bxc6 6. Ne2 e5 7. 0-0 Nf6 8. d3 Be7 9. h3 0-0 10. f4 exf4 11. Nxf4 Be6 12. Nd2 a5 13. a4 Qb6 14. Kh1 d5 15. e5 Nd7 16. Nxe6 fxe6 17. Qg4 Rxf1+ 18. Rxf1 Nf8 19. Bc1 Qb8 20. Nf3 Qe8 21. h4 Qg6 22. Qh3 Qf5 23. g4 Qg6 24. h5 Qe8 25. g5 Rb8 26. Bd2 c4 27. bxc4 dxc4 28. h6 g6 29. Qg4 cxd3 30. cxd3 Qd7 31. Qf4 Qd5 32. Qd4 c5 33. Qxd5 exd5 34. Bxa5 Ra8 35. Bd2 Rxa4 36. e6 Nxe6 37. Re1 Kf7 38. Ne5+ Ke8 39. Nxg6 hxg6 40. Rxe6 Ra1+ 41. Kg2 Kf7 42. Re2 Ra2 43. Kf3 Ra3 44. h7 Ra8 45. Bf4 Rh8 46. Rh2 Bf8 47. Be5 Bg7 48. Kf4 c4 49. dxc4 dxc4 50. Rc2 Rxh7 51. Bxg7 Kxg7 52. Kg4 Rh1 53. Rxc4 Rg1+ 54. Kf4 1/2-1/2

[Event "HUN-chT2 Barcza 0607"]
[Site "Hungary"]
[Date "2007.04.29"]
[Round "9"]
[White "Rakaczki, Csaba"]
[Black "Kristof, Peter"]
[Result "1-0"]
[WhiteElo "2066"]
[BlackElo "2187"]
[PlyCount "83"]
[EventDate "2006.11.12"]
[EventType "team"]
[EventRounds "11"]
[EventCountry "HUN"]
[SourceTitle "EXT 2008"]
[Source "ChessBase"]
[SourceDate "2007.11.25"]
[SourceVersion "1"]
[SourceVersionDate "2007.11.25"]
[SourceQuality "1"]
[WhiteTeam "Lokomotiv"]
[BlackTeam "Edeleny II"]
[WhiteTeamCountry "HUN"]
[BlackTeamCountry "HUN"]

1. e4 e6 2. d4 d5 3. e5 c5 4. c3 Nc6 5. Nf3 Qb6 6. Bd3 Bd7 7. 0-0 cxd4 8. cxd4 Nxd4 9. Nxd4 Qxd4 10. Nc3 Qb6 11. Qg4 f5 12. Qg3 Ne7 13. a4 Ng6 14. Nb5 Bxb5 15. Bxb5+ Kf7 16. Rd1 Bc5 17. Be2 Rac8 18. Bh5 Rc7 19. a5 Qb5 20. h4 Be7 21. Be3 Bc5 22. Rxd5 exd5 23. e6+ Kxe6 24. Qxc7 Bd6 25. Qc3 Ne5 26. Bd4 Qc4 27. Re1 Qxc3 28. Bxc3 f4 29. Bg4+ Kf6 30. Bf3 Ke6 31. g3 Kf5 32. Bxd5 fxg3 33. fxg3 Re8 34. Rf1+ Kg6 35. Be4+ Kh6 36. Bd2+ g5 37. Bxg5+ Kh5 38. Kg2 Ng4 39. Bf3 h6 40. Bc1 Rc8 41. Kh3 Rc4 42. Bxg4+ 1-0

[Event "HUN-chT2 Barcza 0607"]
[Site "Hungary"]
[Date "2006.12.03"]
[Round "3"]
[White "Kristof, Peter"]
[Black "Bartha, Laszlo"]
[Result "1-0"]
[WhiteElo "2187"]
[BlackElo "2101"]
[PlyCount "43"]
[EventDate "2006.11.12"]
[EventType "team"]
[EventRounds "11"]
[EventCountry "HUN"]
[SourceTitle "EXT 2008"]
[Source "ChessBase"]
[SourceDate "2007.11.25"]
[SourceVersion "1"]
[SourceVersionDate "2007.11.25"]
[SourceQuality "1"]
[WhiteTeam "Edeleny II"]
[BlackTeam "Tiszavasvar"]
[WhiteTeamCountry "HUN"]
[BlackTeamCountry "HUN"]

1. e4 c5 2. b3 Nc6 3. Bb2 d6 4. Bb5 e5 5. f4 Bd7 6. Nf3 exf4 7. 0-0 Nf6 8. Bxc6 Bxc6 9. e5 dxe5 10. Nxe5 Be7 11. Nxc6 bxc6 12. Rxf4 0-0 13. Nc3 Qd6 14. Ra4 Rfd8 15. d3 Rd7 16. Qf3 Rc8 17. Rf1 Bd8 18. Ne4 Nxe4 19. Rxe4 Bg5 20. Qg4 Bh6 21. Rf6 Qd5 22. Re5 1-0

[Event "HUN-chT2 Maroczy 0405"]
[Site "Hungary"]
[Date "2005.01.23"]
[Round "6"]
[White "Kristof, Peter"]
[Black "Palvolgyi, Istvan"]
[Result "0-1"]
[WhiteElo "2167"]
[BlackElo "2209"]
[PlyCount "88"]
[EventDate "2004.09.26"]
[EventType "team"]
[EventRounds "11"]
[EventCountry "HUN"]
[SourceTitle "EXT 2008"]
[Source "ChessBase"]
[SourceDate "2007.11.25"]
[SourceVersion "1"]
[SourceVersionDate "2007.11.25"]
[SourceQuality "1"]
[WhiteTeam "Edeleny"]
[BlackTeam "Dunaharaszti"]
[WhiteTeamCountry "HUN"]
[BlackTeamCountry "HUN"]

1. e4 e5 2. Nf3 Nc6 3. Nc3 Nf6 4. d4 exd4 5. Nxd4 Bb4 6. Nxc6 bxc6 7. Bd3 d5 8. exd5 cxd5 9. 0-0 0-0 10. Bg5 c6 11. Qf3 Be7 12. h3 h6 13. Bf4 Bd6 14. Rfe1 Be6 15. Ne2 Re8 16. Nd4 Qc7 17. Bxh6 Be5 18. Be3 Bd7 19. c3 c5 20. Ne2 Rab8 21. Rab1 Bc6 22. Qf5 Bd7 23. Qg5 Bh2+ 24. Kh1 Re5 25. Bf4 Rxg5 26. Bxc7 Bxc7 27. f4 Rh5 28. Ng3 Rh4 29. Re7 Bxf4 30. Nf5 Rh5 31. Ne3 Re5 32. Rxe5 Bxe5 33. g4 Bf4 34. Ng2 Bd6 35. Ne3 d4 36. cxd4 cxd4 37. Nc4 Bc6+ 38. Kg1 Bc5 39. Ne5 Bd5 40. a3 Re8 41. b4 Bd6 42. Nc4 Bf4 43. a4 Rc8 44. Na5 Kf8 0-1

[Event "HUN-chT2 Maroczy 0405"]
[Site "Hungary"]
[Date "2004.12.05"]
[Round "4"]
[White "Antal, Agnes"]
[Black "Kristof, Peter"]
[Result "0-1"]
[WhiteElo "2077"]
[BlackElo "2167"]
[PlyCount "52"]
[EventDate "2004.09.26"]
[EventType "team"]
[EventRounds "11"]
[EventCountry "HUN"]
[SourceTitle "EXT 2008"]
[Source "ChessBase"]
[SourceDate "2007.11.25"]
[SourceVersion "1"]
[SourceVersionDate "2007.11.25"]
[SourceQuality "1"]
[WhiteTeam "BEAC II"]
[BlackTeam "Edeleny"]
[WhiteTeamCountry "HUN"]
[BlackTeamCountry "HUN"]

1. e4 e6 2. d4 d5 3. exd5 exd5 4. Bd3 Nf6 5. Bg5 Be7 6. Ne2 Bg4 7. 0-0 Nbd7 8. Nbc3 0-0 9. f3 Bh5 10. Ng3 Bg6 11. Nf5 c6 12. Ne2 Bxf5 13. Bxf5 Nh5 14. Bd2 g6 15. Bd3 Re8 16. c3 Bd6 17. f4 Ndf6 18. Rf3 Ne4 19. f5 Qh4 20. h3 g5 21. Be1 Neg3 22. Nxg3 Nxg3 23. Bxg3 Bxg3 24. Rf1 Re3 25. Be2 Rae8 26. Bf3 Bd6 0-1

[Event "HUN-chT2 Maroczy 0304"]
[Site "Hungary"]
[Date "2004.01.25"]
[Round "6"]
[White "Kulcsar, Gabor"]
[Black "Kristof, Peter"]
[Result "1-0"]
[WhiteElo "2070"]
[BlackElo "2166"]
[PlyCount "155"]
[EventDate "2003.09.28"]
[EventType "team"]
[EventRounds "11"]
[EventCountry "HUN"]
[SourceTitle "EXT 2005"]
[Source "ChessBase"]
[SourceDate "2004.11.15"]
[SourceVersion "1"]
[SourceVersionDate "2004.11.15"]
[SourceQuality "1"]

1. d4 d5 2. c4 e6 3. Nf3 Nf6 4. Bg5 Be7 5. e3 Ne4 6. Bxe7 Qxe7 7. Bd3 Nd7 8. 0-0 0-0 9. Nc3 Ndf6 10. Qc2 Nxc3 11. bxc3 h6 12. Rfe1 c6 13. Ne5 Nd7 14. Nxd7 Bxd7 15. e4 dxc4 16. Bxc4 b5 17. Bb3 c5 18. Qd2 c4 19. Bc2 a5 20. Re3 b4 21. Rg3 Kh8 22. e5 f5 23. exf6 Rxf6 24. Re1 Bc6 25. Re5 Bd5 26. Rge3 Qf8 27. f3 Rc8 28. Be4 Rd8 29. Bxd5 exd5 30. Qc2 Rb6 31. Qa4 Qd6 32. Qxa5 b3 33. axb3 cxb3 34. Re8+ Rxe8 35. Rxe8+ Kh7 36. Re1 b2 37. Qa2 Qg6 38. Qb1 Rb3 39. Qxg6+ Kxg6 40. Rb1 Rxc3 41. Rxb2 Rd3 42. Rb4 Rd2 43. g3 Kf5 44. h4 h5 45. Rb7 g6 46. Rf7+ Ke6 47. Rf4 Ra2 48. g4 hxg4 49. fxg4 Ra1+ 50. Kg2 Ra2+ 51. Kg3 Ra3+ 52. Rf3 Ra4 53. Rd3 Ra1 54. Kf4 Kf6 55. Rf3 Rg1 56. Ke3+ Ke6 57. g5 Rh1 58. Rf6+ Ke7 59. Kf4 Rxh4+ 60. Ke5 Rg4 61. Rxg6 Kf7 62. Rf6+ Ke7 63. Re6+ Kd7 64. Rg6 Ke7 65. Kxd5 Kf7 66. Rf6+ Ke7 67. Rf5 Rg1 68. Kc6 Rc1+ 69. Rc5 Rg1 70. Re5+ Kd8 71. Kd6 Ra1 72. Rf5 Ra6+ 73. Ke5 Ke7 74. d5 Ra1 75. d6+ Kd7 76. Rf7+ Kd8 77. g6 Re1+ 78. Kf6 1-0

[Event "HUN-chT2 Maroczy 0304"]
[Site "Hungary"]
[Date "2003.11.16"]
[Round "3"]
[White "Kristof, Peter"]
[Black "Lengyel, Laszlo"]
[Result "1/2-1/2"]
[WhiteElo "2166"]
[BlackElo "2202"]
[PlyCount "62"]
[EventDate "2003.09.28"]
[EventType "team"]
[EventRounds "11"]
[EventCountry "HUN"]
[SourceTitle "EXT 2005"]
[Source "ChessBase"]
[SourceDate "2004.11.15"]
[SourceVersion "1"]
[SourceVersionDate "2004.11.15"]
[SourceQuality "1"]

1. e4 e6 2. d4 c5 3. Nf3 a6 4. g3 cxd4 5. Nxd4 Nc6 6. Bg2 Qb6 7. Nb3 d6 8. Be3 Qc7 9. 0-0 Nf6 10. Nc3 Be7 11. Qe2 0-0 12. Rad1 b5 13. Nd4 Nxd4 14. Rxd4 e5 15. Rd2 Bg4 16. f3 b4 17. fxg4 bxc3 18. bxc3 Qxc3 19. g5 Nd7 20. Rd3 Qc4 21. Rb1 Nc5 22. Bxc5 Qxc5+ 23. Qf2 Bxg5 24. Qxc5 dxc5 25. Rb6 c4 26. Rf3 Rfb8 27. Rc6 Rc8 28. Rxc8+ Rxc8 29. Bf1 Bd2 30. Ra3 a5 31. Ra4 g6 1/2-1/2